| 000 | 00576nam a22001697a 4500 | ||
|---|---|---|---|
| 003 | OSt | ||
| 005 | 20171010095527.0 | ||
| 008 | 121004t xxu||||| |||| 00| 0 eng d | ||
| 040 |
_aMMSU _cULS |
||
| 100 |
_aLledo, Christian John P. _913111 |
||
| 245 |
_aAntifungal activity of kata-kataka (Kalanchoe pinnata) leaf extract _cChristian John P. Lledo |
||
| 260 | _c2008 | ||
| 300 |
_axii, 28 leaves _c28 cm. |
||
| 500 | _aThesis (BS Biology) -- Mariano Marcos State University-College of Arts and Sciences, Batac City | ||
| 504 | _aBibliography: leaf [14} | ||
| 942 |
_2ddc _cTHEDIS |
||
| 999 |
_c9801 _d9801 |
||